| 000 | 01508cam a22003855a 4500 | ||
|---|---|---|---|
| 001 | 14264961 | ||
| 005 | 20201128013434.0 | ||
| 008 | 060214s2006 njua fr 001 0 eng d | ||
| 010 | _a 2006272495 | ||
| 020 | _a9780471722571 | ||
| 020 | _a047172257X | ||
| 040 |
_aDLC _beng _cDLC _dDLC _dEG-ScBUE |
||
| 050 | 0 | 0 |
_aQA76.9.S88 _bD464 2006 |
| 082 | 0 | 4 |
_a004.21 _bDEN _222 |
| 100 | 1 |
_aDennis, Alan. _9719 |
|
| 245 | 1 | 0 |
_aSystems analysis design / _cAlan Dennis, Barbara Haley Wixom, Roberta M. Roth. |
| 250 | _a3rd ed. | ||
| 260 |
_aNew Jersey : _bJohn Wiley & Sons, _cc.2006. |
||
| 300 |
_axx, 555 p. : _bill. (some col.) ; _c27 cm. |
||
| 500 | _aIndex : p. 541-555. | ||
| 590 | _ayassmeen ashraf | ||
| 650 | 0 |
_aSystem design. _9733 _2BUEsh |
|
| 650 | 0 |
_aSystem analysis. _9734 _2BUEsh |
|
| 650 | 0 |
_aComputer architecture. _2BUEsh |
|
| 651 | _2BUEsh | ||
| 653 |
_bCOMSCI _cAugust2015 |
||
| 700 | 1 |
_aWixom, Barbara Haley, _d1969- _eauthor. |
|
| 700 | 1 |
_aRoth, Roberta M., _q(Roberta Marie), _d1955- _eauthor. |
|
| 856 | 4 | 2 |
_3Publisher description _uhttp://www.loc.gov/catdir/enhancements/fy0629/2006272495-d.html |
| 856 | 4 | 1 |
_3Table of contents only _uhttp://www.loc.gov/catdir/enhancements/fy0629/2006272495-t.html |
| 856 | 4 | 2 |
_3Contributor biographical information _uhttp://www.loc.gov/catdir/enhancements/fy0658/2006272495-b.html |
| 906 |
_a7 _bcbc _corigcop _d3 _encip _f20 _gy-gencatlg |
||
| 942 |
_2ddc _cBB |
||
| 999 |
_c10256 _d10256 |
||